La odisea

Uloženo v:
Podrobná bibliografie
Hlavní autor: Homero
Médium: Kniha
Jazyk:španělština
Vydáno: Iberia. 1967.
Témata:
Tagy: Přidat tag
Žádné tagy, Buďte první, kdo vytvoří štítek k tomuto záznamu!

MARC

LEADER 00000nam a22000005a 4500
001 7629
003 CL-ChBUA
005 20120815103030.0
008 070301s1967 sp 000 1 spa
040 |a CL-ChBUA  |c CL-ChBUA 
082 0 0 |a 883 
090 |c 7629  |d 7629 
100 1 |a Homero. 
245 1 0 |a La odisea 
260 |b Iberia.  |c 1967. 
300 |a 336 p.  |c 19 cm. 
504 |a Indice. 
650 4 |a LITERATURA GRIEGA. 
942 |c LLIT 
952 |0 0  |1 0  |4 0  |7 0  |9 11347  |a UNACH  |b UNACH  |c 800  |d 2007-03-05  |i 6.102.  |l 10  |m 3  |o 883 / H 766o I c.1  |p 12346  |r 2018-09-24 00:00:00  |s 2018-09-13  |u 11347  |w 2012-08-08  |y LIB  |k 883 / H 766o I c.1 
952 |0 0  |1 0  |4 0  |7 0  |9 11348  |a UNACH  |b UNACH  |c 800  |d 2007-03-05  |i 11.977.  |l 16  |m 6  |o 883 / H 766o I c.2  |p 12347  |r 2019-07-12 00:00:00  |s 2019-04-22  |u 11348  |w 2012-08-08  |y LIB  |k 883 / H 766o I c.2 
999 |c 7629  |d 7629